Datapro / McGraw-Hill Guide to Apple Software / (Record no. 176443)
[ view plain ]
| 000 -LEADER | |
|---|---|
| fixed length control field | 01162 a2200229 4500 |
| 003 - CONTROL NUMBER IDENTIFIER | |
| control field | Nust |
| 005 - DATE AND TIME OF LATEST TRANSACTION | |
| control field | 20230516100651.0 |
| 010 ## - LIBRARY OF CONGRESS CONTROL NUMBER | |
| LC control number | 83023848 |
| 020 ## - INTERNATIONAL STANDARD BOOK NUMBER | |
| International Standard Book Number | 0070154031 (pbk.) : |
| 040 ## - CATALOGING SOURCE | |
| Transcribing agency | Nust |
| 082 00 - DEWEY DECIMAL CLASSIFICATION NUMBER | |
| Classification number | 001.642,DAT |
| 100 ## - MAIN ENTRY--PERSONAL NAME | |
| Personal name | Mc Graw |
| 9 (RLIN) | 112352 |
| 245 00 - TITLE STATEMENT | |
| Title | Datapro / McGraw-Hill Guide to Apple Software / |
| 260 ## - PUBLICATION, DISTRIBUTION, ETC. | |
| Place of publication, distribution, etc. | Delran, NJ : |
| Name of publisher, distributor, etc. | Datapro Research Corp., |
| Date of publication, distribution, etc. | c1983. |
| 300 ## - PHYSICAL DESCRIPTION | |
| Extent | xii, 267 p. : |
| Other physical details | ill. ; |
| Dimensions | 28 cm. |
| 505 ## - FORMATTED CONTENTS NOTE | |
| Formatted contents note | Introduction (Page-ix), Accounting (Page-1), Banking and Finance (Page-17), Data Communications (Page-38), Data Management and Database Management (Page-45), Education (Page-52), Graphics (Page-97),Management Sciences (Page-103), Mathematics and Statistics (Page-107), Medical and Health Care (Page-109), Payroll and personnel (Page-1170, Programming Language Processors (Page-119), Sales and Distribution (Page-124), Word Processing and Text Editing (Page-129), Miscellaneous Products (Page-140). |
| 650 #0 - SUBJECT ADDED ENTRY--TOPICAL TERM | |
| Topical term or geographic name entry element | Apple computer |
| General subdivision | Programming. |
| 9 (RLIN) | 96253 |
| 650 #0 - SUBJECT ADDED ENTRY--TOPICAL TERM | |
| Topical term or geographic name entry element | Computer programs |
| General subdivision | Purchasing. |
| 9 (RLIN) | 96254 |
| 710 2# - ADDED ENTRY--CORPORATE NAME | |
| Corporate name or jurisdiction name as entry element | Datapro Research Corporation. |
| 9 (RLIN) | 96255 |
| 710 2# - ADDED ENTRY--CORPORATE NAME | |
| Corporate name or jurisdiction name as entry element | McGraw-Hill, inc. |
| 9 (RLIN) | 24830 |
| 942 ## - ADDED ENTRY ELEMENTS (KOHA) | |
| Source of classification or shelving scheme | |
| Koha item type | Book Bank |
| Withdrawn status | Lost status | Source of classification or shelving scheme | Damaged status | Not for loan | Permanent Location | Current Location | Shelving location | Date acquired | Full call number | Barcode | Date last seen | Price effective from | Koha item type | Public note |
|---|---|---|---|---|---|---|---|---|---|---|---|---|---|---|
| Military College of Signals (MCS) | Military College of Signals (MCS) | General Stacks | 12/12/2016 | 001.642,DAT | MCS1861 | 12/08/2016 | 12/12/2016 | Book | Almirah No.79, Shelf No.1 |
